<?xml version="1.0" encoding="UTF-8"?><?xml-stylesheet type="text/xsl" href="static/style.xsl"?><OAI-PMH xmlns="http://www.openarchives.org/OAI/2.0/" xmlns:xsi="http://www.w3.org/2001/XMLSchema-instance" xsi:schemaLocation="http://www.openarchives.org/OAI/2.0/ http://www.openarchives.org/OAI/2.0/OAI-PMH.xsd"><responseDate>2026-06-29T15:25:41Z</responseDate><request verb="GetRecord" identifier="oai:docta.ucm.es:20.500.14352/94500" metadataPrefix="marc">https://docta.ucm.es/rest/oai/request</request><GetRecord><record><header><identifier>oai:docta.ucm.es:20.500.14352/94500</identifier><datestamp>2024-09-12T10:01:51Z</datestamp><setSpec>com_20.500.14352_14</setSpec><setSpec>col_20.500.14352_15</setSpec></header><metadata><record xmlns="http://www.loc.gov/MARC21/slim" xmlns:dcterms="http://purl.org/dc/terms/" xmlns:xsi="http://www.w3.org/2001/XMLSchema-instance" xmlns:doc="http://www.lyncode.com/xoai" xsi:schemaLocation="http://www.loc.gov/MARC21/slim http://www.loc.gov/standards/marcxml/schema/MARC21slim.xsd">
   <leader>00925njm 22002777a 4500</leader>
   <datafield ind2=" " ind1=" " tag="042">
      <subfield code="a">dc</subfield>
   </datafield>
   <datafield ind2=" " ind1=" " tag="720">
      <subfield code="a">Barrio, Miguel</subfield>
      <subfield code="e">author</subfield>
   </datafield>
   <datafield ind2=" " ind1=" " tag="720">
      <subfield code="a">López Teixido, Alberto</subfield>
      <subfield code="e">author</subfield>
   </datafield>
   <datafield ind2=" " ind1=" " tag="260">
      <subfield code="c">2014</subfield>
   </datafield>
   <datafield ind2=" " ind1=" " tag="520">
      <subfield code="a">Larger flowers increase pollinator visit rates and reproductive success, so selection on flower size is usually mediated by pollinators. However, larger flowers involve costs imposed by resource limitation so environmental conditions may also modulate flower size. “Male function” hypothesis entails that the intensity of selection is sex-dependent, being greater through male fitness, whereas female fitness is more limited by resources. In this study we analyse pollinator-mediated phenotypic selection on flower size through both sexes in a large-flowered Mediterranean species, Cistus ladanifer. We experimentally manipulated flower size in two populations, measured its effect on male and female fitness and estimated the strength and direction of phenotypic selection through both sexes and populations. Unmanipulated control flowers received higher pollinator visit rates and dispersed a higher pollen amount than reduced flowers. This translated into selection towards larger flowers through male fitness in both populations. Nevertheless, flower size had little effect on female fitness. Fruit set was high but selection through this component of female function was not significant. Seed number increased in control flowers, especially in one population, where we detected positive selection on flower size. Our results suggest that pollinator-mediated phenotypic selection on flower size in this large-flowered Mediterranean species is especially modulated by male fitness, but flower size adjustment may also be a result of a simultaneous selection through both sexes that, in turn, is dependent of ecological context.</subfield>
   </datafield>
   <datafield ind1="8" ind2=" " tag="024">
      <subfield code="a">Barrio, Miguel, y Alberto L. Teixido. «Sex-Dependent Selection on Flower Size in a Large-Flowered Mediterranean Species: An Experimental Approach with Cistus Ladanifer». Plant Systematics and Evolution, vol. 301, n.o 1, enero de 2015, pp. 113-24.  https://doi.org/10.1007/s00606-014-1058-0.</subfield>
   </datafield>
   <datafield ind1="8" ind2=" " tag="024">
      <subfield code="a">0378-2697</subfield>
   </datafield>
   <datafield ind1="8" ind2=" " tag="024">
      <subfield code="a">10.1007/s00606-014-1058-0</subfield>
   </datafield>
   <datafield ind1="8" ind2=" " tag="024">
      <subfield code="a">https://hdl.handle.net/20.500.14352/94500</subfield>
   </datafield>
   <datafield ind1="8" ind2=" " tag="024">
      <subfield code="a">2199-6881</subfield>
   </datafield>
   <datafield ind1="8" ind2=" " tag="024">
      <subfield code="a">https://doi.org/10.1007/s00606-014-1058-0</subfield>
   </datafield>
   <datafield ind2="0" ind1="0" tag="245">
      <subfield code="a">Sex-dependent selection on flower size in a large-flowered Mediterranean species: an experimental approach with Cistus ladanifer</subfield>
   </datafield>
</record></metadata></record></GetRecord></OAI-PMH>